000 00298nam a2200121Ia 4500
008 190216s9999||||xx |||||||||||||| ||und||
100 _aDr.Rajendra Toki
245 0 _aHindi-Sahithya Soojan Aur Sarokar
260 _bNathya India Publishers
_c2006
300 _a171
650 _aHindi
942 _cBK
999 _c16628
_d16628